LEADER 01603nam 2200361Ia 450 001 996397157503316 005 20221108012811.0 035 $a(CKB)4940000000059743 035 $a(EEBO)2240923168 035 $a(OCoLC)166384470 035 $a(EXLCZ)994940000000059743 100 $a20070829d1613 uy 0 101 0 $aeng 135 $aurbn||||a|bb| 200 12$aA short introduction of grammar generally to be vsed$b[electronic resource] $ecompiled and set forth for the bringing vp of all those that intend to attaine to the knowledge of the Latine tongue. 210 $aImprinted at London $cBy the assignes of Iohn Batterbie Printer to the Kings most excellent Maiestie. In Latine, Grecke, and Hebrew$d1613. 215 $a[500] p 300 $aIncludes separate title page: Brevissima institutio, seu, Ratio grammatices cognoscendae, 1610. 300 $aAttributed to William Lily. Cf. STC (2nd ed.). 300 $aMs. notes throughout text. 300 $aTitle within ornamental border (Mck. & Ferg. 202), initials, tailpieces, printed marginalia. 300 $aBO collates A-Q? (lacks Q? and Q?); sub tp on E?r; also dated Q?v. Cf. STC (2nd ed.). 300 $aReproduction of original in: Boston Public Library. 330 $aeebo-0015 606 $aLatin language$xGrammar$vEarly works to 1800 615 0$aLatin language$xGrammar 700 $aLily$b William$f1468?-1522.$0841046 801 0$bUMI 801 1$bUMI 906 $aBOOK 912 $a996397157503316 996 $aA short introduction of grammar generally to be vsed$92386225 997 $aUNISA